| 000 | 00752nam a22002177a 4500 | ||
|---|---|---|---|
| 003 | 0 | ||
| 005 | 20250828082941.0 | ||
| 008 | 250828b xxu||||| |||| 00| 0 eng d | ||
| 020 | _a979-8-89365-087-7 | ||
| 050 |
_aHM 1206 _b.S74 2025 |
||
| 100 |
_aStewart, Franklin, _eauthor. |
||
| 245 |
_aMedia, culture and technology : _ban integrated approach / _cFranklin Stewart. |
||
| 260 |
_aNew York City, NY : _bMurphy & Moore Publishing, _c2025. |
||
| 300 |
_aviii, 230 pages : _bcolored illustrations ; _c26 cm. |
||
| 504 | _aIncludes bibliographical references and index. | ||
| 650 |
_aMass media _xSocial aspects. |
||
| 650 | _aMass media and culture. | ||
| 650 | _aInformation technology. | ||
| 650 |
_aTechnology _xSocial aspects. |
||
| 942 |
_2lcc _cBK |
||
| 999 |
_c367652 _d367652 |
||